Statistics for 2017 News Stories - Name the Country

Click here to take the quiz!

General Stats

  • This quiz has been taken 13,643 times
  • The average score is 11 of 16

Answer Stats

News Event Country % Correct
The region of Catalonia votes to secede but the vote is not recognizedSpain
96%
Women are, for the first time, allowed to driveSaudi Arabia
94%
Emmanuel Macron is elected as PresidentFrance
93%
Leader of the country threatens to nuke the U.S. territory of GuamNorth Korea
90%
A royal prince becomes engaged to a divorced, American actressUnited Kingdom
88%
ISIS loses control of the city of MosulIraq
85%
Facebook confirms that this country purchased ads to influence the 2016 U.S. electionRussia
79%
93-year old Robert Mugabe is ousted as dictatorZimbabwe
72%
Nine of ten citizens of this country can't afford adequate food, triggering massive protests
against President Maduro
Venezuela
62%
Companies Ali Baba and Tencent reach a market valuation of over $400 billionChina
61%
Muslim Rohingya refugees still can't return to hereMyanmar
60%
Martial law declared on the island of MindanaoPhilippines
58%
The President of this country calls for confiscation of white-owned land without compensationSouth Africa
47%
Terrorists kill over 300 people at a Sufi mosqueEgypt
45%
This country overtakes the U.S. as the country with the best international image,
according to the Anholt-GfK Nation Brands Index
Germany
42%
This country is ostracized by its neighbors who object to its friendly relations with IranQatar
38%

Score Distribution

Percentile by Number Answered

Percent of People with Each Score

Your Score History

You have not taken this quiz